The Balcony Scene - Pierce the Veil lyrics - Statistics

General Stats
  • This quiz has been taken 19 times
  • The average score is 163 of 201
Answer Stats
% Correct
a
100%
And
100%
and
100%
I
100%
me,
100%
me
100%
on?
100%
on
100%
the
100%
The
100%
(the
100%
you
100%
you?
100%
be
93%
Have
93%
love
93%
so
93%
to
93%
But
86%
Don’t
86%
don’t
86%
ever
86%
is
86%
Is
86%
it
86%
know
86%
know,
86%
know)
86%
mean
86%
no
86%
one
86%
something
86%
when
86%
When
86%
would
86%
bright
79%
Can
79%
edge?
79%
for
79%
light
79%
lights
79%
nothing
79%
of
79%
really
79%
tell
79%
Then
79%
then
79%
we
79%
danced
71%
ghost
71%
ghost)
71%
last
71%
might
71%
react
71%
sound
71%
time?
71%
call
64%
carry
64%
cold
64%
My
64%
my
64%
our
64%
still
64%
beautiful
57%
best
57%
Beyond
57%
‘Cause
57%
(‘cause
57%
darker
57%
gets
57%
Just
57%
lose
57%
means
57%
minds
57%
never
57%
Oh,
57%
perfect
57%
scaring
57%
with
57%
(Yeah)
57%
all
50%
count
50%
darling,
50%
hand
50%
rest
50%
three
50%
Until
50%
Alright,
43%
had
43%
hold
43%
jump
43%
That
43%
up
43%
No matching quizzes found
Score Distribution
Percent of People with Each Score
Percentile by Number Answered
Your Score History
You have not taken this quiz